Catalog

Record Details

Catalog Search



Die Einheit der Schrift : gesammelte Aufsätze Cover Image Book Book

Die Einheit der Schrift : gesammelte Aufsätze Hans Lubsczyk

Lubsczyk, Hans (Author).

Record details

  • ISBN: 3-7462-0369-4
  • Physical Description: 257 S.
  • Publisher: Leipzig St. Benno-Verlag 1989

Available copies

  • 1 of 1 copy available at Common Catalog SPOK.

Holds

  • 0 current holds with 1 total copy.
Show Only Available Copies
Location Call Number / Copy Notes Barcode Shelving Location Status Due Date
ETS Library 230.041 424470004691 Volný výběr Available -

LDR 00662nam a2 00241
00134599
003CZ-PrJAB
00520030808000000.0
008030729s1989 xr e |||| |ger
009ge
020 . ‡a3-7462-0369-4
035 . ‡a(CONS)2322
035 . ‡aKPS11744
040 . ‡aABG450
041 . ‡ager
08214. ‡a230.041
100 . ‡74792 ‡aLubsczyk, Hans
245 . ‡aDie Einheit der Schrift : ‡bgesammelte Aufsätze ‡cHans Lubsczyk
260 . ‡aLeipzig ‡bSt. Benno-Verlag ‡c1989
300 . ‡a257 S.
653 . ‡aDie Einheit der Schrift ‡agesammelte Aufsätze
8524 . ‡bETS ‡bETS ‡cVolný výběr ‡j230.041 ‡gA ‡p424470004691
910 . ‡aABG450
999 . ‡a2322 ‡bAUTOGEN ‡c2322 ‡tbiblio
905 . ‡uadmin
901 . ‡a34599 ‡b ‡c34599 ‡tbiblio ‡sets

Additional Resources